| 000 | 00689cam a22002293a 4500 | ||
|---|---|---|---|
| 001 | 39958 | ||
| 003 | PGUSA | ||
| 005 | 20140828083906.0 | ||
| 008 | 120610s2012||||xxu|||||s|||||000 | eng d | ||
| 040 |
_aPGUSA _beng |
||
| 042 | _adc | ||
| 050 | 4 | _aQH | |
| 100 | 1 |
_aFitch, Henry S. _q(Henry Sheldon), _d1909-2009 |
|
| 245 | 1 | 0 |
_aLife History and Ecology of the Five-Lined Skink, Eumeces fasciatus _h[electronic resource] / _cHenry S. Fitch |
| 260 |
_bProject Gutenberg, _c2012 |
||
| 506 | _aPublic domain in the USA. | ||
| 516 | _aElectronic text | ||
| 653 | _aEumeces fasciatus | ||
| 830 | 0 |
_aProject Gutenberg _v39958 |
|
| 856 | 4 | 0 | _uhttp://www.gutenberg.org/ebooks/39958 |
| 942 | _cEB | ||
| 999 |
_c269211 _d269211 |
||